The Children's Ali Baba / (Record no. 4081)
[ view plain ]
| 000 -LEADER | |
|---|---|
| fixed length control field | 00568nam a22002173 4500 |
| 001 - CONTROL NUMBER | |
| JCCL Control Number | 4081 |
| 003 - CONTROL NUMBER IDENTIFIER | |
| JCCL marc code | BD-JhCC |
| 005 - DATE AND TIME OF LATEST TRANSACTION | |
| control field | 20180325165014.0 |
| 008 - FIXED-LENGTH DATA ELEMENTS--GENERAL INFORMATION | |
| fixed length control field | 961024s1938 enkac j 000 0 eng d |
| 035 ## - SYSTEM CONTROL NUMBER | |
| system control number | (BD-JhCC)4081 |
| 040 ## - CATALOGING SOURCE | |
| Original cataloging agency | EQO |
| Transcribing agency | EQO |
| Modifying agency | BD-JhCC |
| 041 ## - LANGUAGE CODE | |
| Language code of Book | eng |
| 082 ## - DEWEY DECIMAL CLASSIFICATION NUMBER | |
| Classification number | 823.914 |
| Author mark and Year | PRI 1938 |
| 100 1# - MAIN ENTRY--PERSONAL NAME | |
| Personal name | Pritchard, F. H. |
| 245 14 - TITLE STATEMENT | |
| Title | The Children's Ali Baba / |
| Statement of responsibility, etc | F. H. Pritchard, |
| 260 ## - PUBLICATION, DISTRIBUTION, ETC. (IMPRINT) | |
| Place of publication, distribution, etc | Lond. &c., |
| Date of publication, distribution, etc | 1938. |
| Name of publisher, distributor, etc | George G. Harrap and Co. LTD. |
| 300 ## - PHYSICAL DESCRIPTION | |
| Pagination | 63 p. : |
| Other physical details | ill. ; |
| Dimensions | 18 cm . |
| 650 ## - SUBJECT ADDED ENTRY--TOPICAL TERM | |
| Topical term or geographic name as entry element | English Stories |
| 942 ## - ADDED ENTRY ELEMENTS (KOHA) | |
| Source of classification or shelving scheme | Dewey Decimal Classification |
| Koha item type | Books |
| Source of classification or shelving scheme | Damaged status | Not for loan | Home library | Current library | Shelving location | Date of accession | Total Checkouts | Full call number | Barcode | Date last seen | Copy number | Koha item type |
|---|---|---|---|---|---|---|---|---|---|---|---|---|
| Dewey Decimal Classification | JCC Rouf Library | JCC Rouf Library | General Stacks | 11/22/2017 | 823.914 PRI 1938 | 5784 | 11/22/2017 | 2017-11-20 | Books |